降水量ランキング(1時間) - Statistics

General Stats
  • This quiz has been taken 12 times
  • The average score is 3 of 20
Answer Stats
順位 都道府県 地点 観測値 現在観測を実施 % Correct
三重県 尾鷲 139.0 1972年9月14日
55%
1 千葉県 香取 153 1999年10月27日
45%
長崎県 長浦岳 153 1982年7月23日
36%
4 熊本県 甲佐 150.0 2016年6月21日
18%
高知県 清水 150.0 1944年10月17日
18%
高知県 室戸岬 149.0 2006年11月26日
18%
9 富山県 上市 146.5 2024年8月25日
18%
15 山口県 山口 143.0 2013年7月28日
18%
16 千葉県 銚子 140.0 1947年8月28日
18%
18 三重県 宮川 139 2004年9月29日
18%
3 沖縄県 多良間 152 1988年4月28日
9%
8 福岡県 前原 147 1991年9月14日
9%
愛知県 岡崎 146.5 2008年8月29日
9%
12 東京都 青ヶ島 145.0 2022年10月14日
9%
和歌山県 潮岬 145.0 1972年11月14日
9%
17 宮崎県 宮崎 139.5 1995年9月30日
9%
6 新潟県 下関 149.0 2022年8月4日
0%
11 沖縄県 仲筋 145.5 2010年11月19日
0%
14 鹿児島県 古仁屋 143.5 2011年11月2日
0%
沖縄県 与那覇岳 139 1980年9月24日
0%
No matching quizzes found
Score Distribution
Percent of People with Each Score
Percentile by Number Answered
Your Score History
You have not taken this quiz